| 000 | 00712nam a22002177a 4500 | ||
|---|---|---|---|
| 999 |
_c20740 _d20740 |
||
| 003 | AR-CdUCM | ||
| 008 | 190604b ||||| |||| 00| 0 spa d | ||
| 040 |
_aMUNICIPALIDAD PROVINCIAL DEL CUSCO _cBIBLIOTECA MUNICIPAL DEL CUSCO |
||
| 082 |
_a498.515 / _bR95 |
||
| 110 |
_aSociedad bíblica Peruana _930017 |
||
| 245 | _aRunasimita ñawinchasunchis / | ||
| 260 |
_aCusco : _bSociedades bíblicas unidas, _c2008. |
||
| 300 |
_a54 páginas ; _bIlustraciones, _c23 cm. |
||
| 440 |
_aLectura bíblica del ministerio ATEK _943313 |
||
| 505 | _aContenido : Escritura del quechua. | ||
| 650 |
_aGuia quehua _943314 |
||
| 650 |
_aGramática _99175 |
||
| 650 |
_aEscritura _94757 |
||
| 942 |
_2ddc _cLIBROS |
||
| 945 | _arcc | ||